[Event "London Central op"]
[Site "London"]
[Date "2022.11.06"]
[Round "4"]
[White "Bastianello, Federico"]
[Black "Khovanskiy, Maxim"]
[Result "1-0"]
[WhiteElo "1664"]
[BlackElo "1911"]
[PlyCount "67"]
[EventDate "2022.11.04"]
[EventType "swiss"]
[EventRounds "5"]
[EventCountry "ENG"]
[SourceTitle "EXT 2024"]
[Source "ChessBase"]
[SourceDate "2023.10.10"]
[SourceVersion "1"]
[SourceVersionDate "2023.10.10"]
[SourceQuality "1"]

1. b4 e5 2. Bb2 Bxb4 3. Bxe5 Nf6 4. Nf3 0-0 5. e3 Nc6 6. Bb2 d5 7. Be2 Bf5 8. 0-0 a6 9. d3 Qe7 10. Nbd2 Rfe8 11. Bxf6 Qxf6 12. c4 Be6 13. d4 b6 14. Qa4 Bg4 15. cxd5 Bxd2 16. Qxc6 Qxc6 17. dxc6 Ba5 18. Bc4 Re7 19. Ne5 Bf5 20. g4 Bc8 21. a4 Kf8 22. h3 f6 23. Nd3 h5 24. Nf4 hxg4 25. Ng6+ Ke8 26. Nxe7 Kxe7 27. hxg4 Bxg4 28. f3 Bh3 29. Rf2 Kd6 30. Rb2 Bf5 31. e4 Be6 32. d5 Bg8 33. Rc1 Bd2 34. Rxd2 1-0

[Event "Crema op 10th"]
[Site "Crema"]
[Date "2008.09.07"]
[Round "5"]
[White "Bastianello, Federico"]
[Black "Cattaneo, Dario"]
[Result "1/2-1/2"]
[WhiteElo "1455"]
[BlackElo "1517"]
[PlyCount "88"]
[EventDate "2008.09.05"]
[EventType "swiss"]
[EventRounds "6"]
[EventCountry "ITA"]
[SourceTitle "EXT 2011"]
[Source "ChessBase"]
[SourceDate "2010.11.26"]
[SourceVersion "1"]
[SourceVersionDate "2010.11.26"]
[SourceQuality "1"]

1. Nf3 e6 2. g3 d5 3. Bg2 Nf6 4. 0-0 Be7 5. d3 0-0 6. Nbd2 Nc6 7. e4 dxe4 8. dxe4 e5 9. c3 Be6 10. Re1 Qd7 11. Qc2 Rfd8 12. Nb3 a5 13. Be3 Qe8 14. Rad1 a4 15. Nc1 b5 16. a3 Na5 17. Rxd8 Rxd8 18. Nd2 Ng4 19. Bf1 Nxe3 20. Rxe3 Bg5 21. Rd3 Bxd2 22. Qxd2 Rxd3 23. Qxd3 Bc4 24. Qe3 Bxf1 25. Kxf1 Nc4 26. Qe2 Qd7 27. Nd3 g6 28. Ke1 h5 29. h4 Kg7 30. Nb4 Qh3 31. Kd1 Qg4 32. Qxg4 hxg4 33. Kc2 f5 34. exf5 gxf5 35. Nd5 c6 36. Ne3 Nxe3+ 37. fxe3 Kf6 38. Kd2 Kg6 39. Ke2 c5 40. Kf2 e4 41. Ke2 Kf6 42. Kf2 Ke5 43. Ke2 c4 44. Kf2 Kf6 1/2-1/2